Curious George Franchise - Statistics

General Stats
  • This quiz has been taken 22 times
  • The average score is 7 of 16
Answer Stats
Type Year Name Info % Correct
Book 1941 Curious George Margret Ray / H. A. Rey
100%
TV Show 1980 Curious George ????
100%
Film 2006 Curious George Universal
100%
Video Game 2006 Curious George Namco
100%
TV Show 2006-2015 Curious George PBS Kids
100%
Film 2009 Curious George 2: Follow That Monkey! Universal
67%
Film 2015 Curious George 3: Back to the Jungle Universal
67%
Film 2019 Curious George: Royal Monkey Universal
33%
Book 1966 Curious George Goes to the Hospital Margret Ray / H. A. Rey
25%
Book 1958 Curious George Flies a Kite Margret Ray / H. A. Rey
17%
Book 1957 Curious George Gets a Medal Margret Ray / H. A. Rey
8%
Book 1963 Curious George Learns the Alphabet Margret Ray / H. A. Rey
8%
Book 1952 Curious George Rides a Bike Margret Ray / H. A. Rey
8%
Book 1947 Curious George Takes a Job Margret Ray / H. A. Rey
8%
Theme Park Attraction 1998-Present Curious George Goes to Town Universal Studios Florida
0%
Theme Park Attraction 2008-2013 The Adventures of Curious George Universal Studios Hollywood
0%
No matching quizzes found
Score Distribution
Percent of People with Each Score
Percentile by Number Answered
Your Score History
You have not taken this quiz